| 000 | 01118nam0a2200265 4500 | ||
|---|---|---|---|
| 001 | RU\NLR\BIBL_A\011340778 | ||
| 005 | 20260406141731.0 | ||
| 035 | _a(NLR Aleph) 011340778 | ||
| 090 |
_a11191436 _c11191436 |
||
| 100 | _a20170306d1939 |||y0rusy50 ca | ||
| 101 | 0 | _aalt | |
| 102 | _aRU | ||
| 105 | _ac z 000 y | ||
| 200 | 1 |
_aПартияныҥ XVIII-чи съездинде ВКП(б) ТК-ниҥ ижи керегинде отчетный доклады _fИ. В. Сталин |
|
| 210 |
_aОйрот-Тура _cОйротоблнациздат _d1939 |
||
| 215 |
_a48 с. _cпортр. _d22 |
||
| 541 | 1 |
_aОтчетный доклад на XVIII съезде Партии о работе ЦК ВКП(б) _zrus |
|
| 601 | 1 | 2 |
_aКПСС _bСъезд _d18 _eМосква, город _f1939 _92414036 _3RU\NLR\AUTH\6601657121 |
| 686 | 1 | _aФ61(2)11 | |
| 700 | 1 |
_4070 _8rus _7ca _aСталин _bИ. В. _f1879-1953 _gИосиф Виссарионович _3RU\NLR\AUTH\773464 _9113460 |
|
| 852 |
_aNLR _bОНЛ _jАлт./3-4 |
||
| 852 |
_aNLR _bОНЛ _jАлт./3-4 |
||
| 942 | _cBOOK | ||
| 980 | _aNB | ||